<?xml version="1.0" encoding="UTF-8"?>
<record
    xmlns:xsi="http://www.w3.org/2001/XMLSchema-instance"
    xsi:schemaLocation="http://www.loc.gov/MARC21/slim http://www.loc.gov/standards/marcxml/schema/MARC21slim.xsd"
    xmlns="http://www.loc.gov/MARC21/slim">

  <leader>01340nam a22002897a 4500</leader>
  <datafield tag="999" ind1=" " ind2=" ">
    <subfield code="c">158217</subfield>
    <subfield code="d">158217</subfield>
  </datafield>
  <controlfield tag="005">20190711165827.0</controlfield>
  <datafield tag="010" ind1=" " ind2=" ">
    <subfield code="a">B-721066   B-728290</subfield>
  </datafield>
  <datafield tag="020" ind1=" " ind2=" ">
    <subfield code="a">9788179306888</subfield>
    <subfield code="c">390.00</subfield>
  </datafield>
  <datafield tag="035" ind1=" " ind2=" ">
    <subfield code="a">B-710603</subfield>
  </datafield>
  <datafield tag="035" ind1=" " ind2=" ">
    <subfield code="a">B-721066</subfield>
  </datafield>
  <datafield tag="035" ind1=" " ind2=" ">
    <subfield code="a">B-728290</subfield>
  </datafield>
  <datafield tag="037" ind1=" " ind2=" ">
    <subfield code="a">dpl</subfield>
    <subfield code="b">RK Books </subfield>
  </datafield>
  <datafield tag="037" ind1=" " ind2=" ">
    <subfield code="b">Aksharesh Enterprises</subfield>
  </datafield>
  <datafield tag="082" ind1=" " ind2=" ">
    <subfield code="a">954.09</subfield>
  </datafield>
  <datafield tag="100" ind1=" " ind2=" ">
    <subfield code="a">Ahir,Rajiv </subfield>
  </datafield>
  <datafield tag="245" ind1=" " ind2=" ">
    <subfield code="a">A brief history of modern India /</subfield>
    <subfield code="c">by Rajiv Ahir ; edited by Kalpana Rajaram </subfield>
  </datafield>
  <datafield tag="250" ind1=" " ind2=" ">
    <subfield code="a">24th ed</subfield>
  </datafield>
  <datafield tag="260" ind1=" " ind2=" ">
    <subfield code="a">New Delhi</subfield>
    <subfield code="b">Spectrum Books</subfield>
    <subfield code="c">2018</subfield>
  </datafield>
  <datafield tag="270" ind1=" " ind2=" ">
    <subfield code="a">309, Third Floor, TC Jaina Tower-III, A1 Janakpuri, </subfield>
    <subfield code="b">New Delhi</subfield>
    <subfield code="e">110058</subfield>
  </datafield>
  <datafield tag="270" ind1=" " ind2=" ">
    <subfield code="a">A1 291, First Floor, Janakpuri</subfield>
    <subfield code="b">New Delhi</subfield>
    <subfield code="e">110058</subfield>
  </datafield>
  <datafield tag="300" ind1=" " ind2=" ">
    <subfield code="a">xxxii, 847p.</subfield>
    <subfield code="c">18cm(pbk)</subfield>
  </datafield>
  <datafield tag="700" ind1=" " ind2=" ">
    <subfield code="a">Rajaram, Kalpana</subfield>
  </datafield>
  <datafield tag="942" ind1=" " ind2=" ">
    <subfield code="2">ddc</subfield>
    <subfield code="c">EN</subfield>
    <subfield code="m">AHI</subfield>
    <subfield code="h">954.09</subfield>
  </datafield>
  <datafield tag="952" ind1=" " ind2=" ">
    <subfield code="0">0</subfield>
    <subfield code="1">0</subfield>
    <subfield code="4">0</subfield>
    <subfield code="7">0</subfield>
    <subfield code="8">NFIC</subfield>
    <subfield code="a">BL1</subfield>
    <subfield code="b">BL1</subfield>
    <subfield code="d">2018-10-22</subfield>
    <subfield code="e">RK Books/IN1915/18-19/13-10-18/532/04-10-18/15-10-18</subfield>
    <subfield code="g">390.00</subfield>
    <subfield code="l">40</subfield>
    <subfield code="m">44</subfield>
    <subfield code="o">954.09 AHI</subfield>
    <subfield code="p">B-710603</subfield>
    <subfield code="r">2025-02-03 00:00:00</subfield>
    <subfield code="s">2025-01-27</subfield>
    <subfield code="t">1</subfield>
    <subfield code="v">390.00</subfield>
    <subfield code="w">2018-10-22</subfield>
    <subfield code="y">EN</subfield>
  </datafield>
  <datafield tag="952" ind1=" " ind2=" ">
    <subfield code="0">0</subfield>
    <subfield code="1">0</subfield>
    <subfield code="4">0</subfield>
    <subfield code="7">0</subfield>
    <subfield code="8">NFIC</subfield>
    <subfield code="a">ZLS</subfield>
    <subfield code="b">ZLS</subfield>
    <subfield code="d">2019-04-09</subfield>
    <subfield code="e">RZ-66, 1st Floor, Somesh Vihar, Chhawla, New Delhi-110071</subfield>
    <subfield code="g">390.00</subfield>
    <subfield code="l">0</subfield>
    <subfield code="o">954.09 AHI</subfield>
    <subfield code="p">B-721066</subfield>
    <subfield code="r">2019-04-09 00:00:00</subfield>
    <subfield code="t">1</subfield>
    <subfield code="v">390.00</subfield>
    <subfield code="w">2019-04-09</subfield>
    <subfield code="y">EN</subfield>
  </datafield>
  <datafield tag="952" ind1=" " ind2=" ">
    <subfield code="0">0</subfield>
    <subfield code="1">0</subfield>
    <subfield code="4">0</subfield>
    <subfield code="7">0</subfield>
    <subfield code="8">NFIC</subfield>
    <subfield code="a">BL1</subfield>
    <subfield code="b">BL1</subfield>
    <subfield code="d">2019-05-10</subfield>
    <subfield code="e">Aksharesh Enterprises/0016/06-05-19/04/23-04-19/08-05-19</subfield>
    <subfield code="g">390.00</subfield>
    <subfield code="l">19</subfield>
    <subfield code="m">10</subfield>
    <subfield code="o">954.09 AHI</subfield>
    <subfield code="p">B-728290</subfield>
    <subfield code="r">2024-08-19 00:00:00</subfield>
    <subfield code="s">2024-08-03</subfield>
    <subfield code="t">1</subfield>
    <subfield code="v">390.00</subfield>
    <subfield code="y">EN</subfield>
  </datafield>
</record>
